Movies Quiz

Random Movies or Actor Quiz

Movies by Beards Quiz Stats

 Plays Quiz Updated Apr 9, 2012

Also try: Famous Facial Hair
Challenge
Share
Tweet
Score 0/25 Timer 07:00
0 Plays Today
Letter Actor & Movie % Correct
The Lord of the Rings
94.1%
300
90.7%
Pirates of the Caribbean
88.8%
Cast Away
87.2%
Star Wars
83.7%
The Hangover
78.8%
Pulp Fiction
78.5%
Iron Man
74.7%
The Big Lebowski
66.3%
The Last Samurai
66%
Harry Potter and the Prisoner of Azkaban
64.6%
The Ten Commandments
63.9%
The Good, the Bad and the Ugly
61.7%
Letter Actor & Movie % Correct
The Fugitive
60.7%
Clerks II
59.1%
The Love Guru
58.6%
Die Hard
58%
Jumanji
46.7%
The Pianist
41.1%
The Life Aquatic with Steve Zissou
40.7%
The Rock
39.5%
Crazy Heart
33.4%
The Road
31%
Serpico
27.6%
Syriana
23.6%

You're not logged in!

Compare scores with friends on all Sporcle quizzes.
Join for Free
OR
Log In

You Might Also Like...

Show Comments

Extras

Top Quizzes Today


Score Distribution

Your Account Isn't Verified!

In order to create a playlist on Sporcle, you need to verify the email address you used during registration. Go to your Sporcle Settings to finish the process.

Report this User

Report this user for behavior that violates our Community Guidelines.

Details: